000 00365nam a2200133Ia 4500
005 20260326235456.0
008 260326s9999||||xx |||||||||||||| ||und||
100 _aLobell, John
245 0 _aBetween Silence and light :
_b Spirit in the Architecture of Louis I. Kahn /
_cJohn Lobell
260 _bShambhala
300 _a119 p.
650 _aARQUITECTOS
942 _cBK
999 _c7936
_d7936